James Bond Movies Quiz Stats

 Plays Quiz Updated Sep 28, 2018

Score 0/24 Timer 06:00
41 Plays Today
Year Movie % Correct
2006Casino Royale
93.4%
1964Goldfinger
90.5%
1962Dr. No
89.7%
2012Skyfall
86.5%
1995GoldenEye
86.1%
1983Octopussy
83.2%
1963From Russia With Love
81.2%
2008Quantum of Solace
79%
2002Die Another Day
78.5%
1979Moonraker
78%
2015Spectre
76.3%
1974The Man with the Golden Gun
74.3%
Year Movie % Correct
1997Tomorrow Never Dies
73.5%
1999The World Is Not Enough
71.8%
1965Thunderball
70.8%
1973Live and Let Die
70.2%
1971Diamonds Are Forever
67.7%
1969On Her Majesty's Secret Service
67.5%
1967You Only Live Twice
65.4%
1977The Spy Who Loved Me
65%
1989Licence to Kill
63.8%
1985A View to a Kill
59.6%
1987The Living Daylights
57%
1981For Your Eyes Only
48.4%

You're not logged in!

Compare scores with friends on all Sporcle quizzes.
OR
Log In

Show Comments

Extras

Top Quizzes Today


Score Distribution

Your Account Isn't Verified!

In order to create a playlist on Sporcle, you need to verify the email address you used during registration. Go to your Sporcle Settings to finish the process.

Report this User

Report this user for behavior that violates our Community Guidelines.

Details: